| 000 | 01229 a2200325 4500 | ||
|---|---|---|---|
| 001 | 200130057 | ||
| 650 | 0 |
_933686 _aRestraint of trade _zTurkey |
|
| 650 | 0 |
_aTicaretin kısıtlanması _zTürkiye _932127 |
|
| 999 |
_c200130057 _d31178 |
||
| 003 | TR-AnTOB | ||
| 005 | 20250108145105.0 | ||
| 008 | 130721s2011 tu 000 0 | ||
| 020 | _a9786055593650 | ||
| 040 | _aTR-AnTOB | ||
| 041 | _atur | ||
| 050 | 0 | 0 |
_aKKX927 _b.C36 2011 |
| 090 | _aKKX927 .C36 2011 | ||
| 100 | 1 |
_aCan, Ozan _991635 |
|
| 245 | 1 | 0 |
_a6102 sayılı Türk Ticaret Kanunu'na göre acentelikte rekabet yasağı anlaşması / _cOzan Can. |
| 246 | 3 | _aAcentelikte rekabet yasağı anlaşması. | |
| 264 | 1 |
_aAnkara : _bTurhan Kitabevi, _c2011. |
|
| 300 |
_axiii, 209 sayfa; _c24 cm. |
||
| 504 | _aBibliography (p.[197]-209) | ||
| 505 | _aI.Rekabet yasağı ve acentelikte rekabet yasağı anlaşması hakkında genel bilgiler -- II.Rekabet yasası anlaşmasının esasları -- III.Rekabet yasağı anlaşmasının ihlali ve sona ermesi. | ||
| 650 | 7 |
_aTemsilci (Hukuk) _zTürkiye _2etuturkob _991637 |
|
| 650 | 0 |
_aAgency (Law) _zTurkey _991636 |
|
| 650 | 7 |
_aTicaret hukuku _zTürkiye _2etuturkob _934380 |
|
| 650 | 0 |
_aCommercial law _zTurkey _934379 |
|
| 942 | _cBK | ||